| 000 | 00366nam a2200145Ia 4500 | ||
|---|---|---|---|
| 008 | 150201s1998 xx 000 0 und d | ||
| 082 |
_a617.3 _bA98H |
||
| 100 | _aHEINEMANNN , BUTTERWERTH | ||
| 245 | _aAPLEY,S SYSTEM OF ORTHOPAEDICS & FRACTURES | ||
| 250 | _a7TH | ||
| 260 |
_bBUTTERWORTH _c1998 |
||
| 300 | _a1-736 | ||
| 650 | _aORTHOPEDICS | ||
| 942 |
_2ddc _cBK _011 |
||
| 999 |
_c1495 _d1495 |
||